[Event "GER-chT U20"]
[Site "Osnabrueck"]
[Date "2015.12.30"]
[Round "7.4"]
[White "Stemmler, Fabian"]
[Black "Streichardt, Niklas"]
[Result "1-0"]
[WhiteElo "1926"]
[BlackElo "1682"]
[PlyCount "79"]
[EventDate "2015.12.27"]
[EventType "team-swiss"]
[EventRounds "7"]
[EventCountry "GER"]
[SourceTitle "EXT 2017"]
[Source "ChessBase"]
[SourceDate "2016.10.25"]
[SourceVersion "1"]
[SourceVersionDate "2016.10.25"]
[SourceQuality "1"]
[WhiteTeam "Brackel"]
[BlackTeam "Erfurt Empor"]
[WhiteTeamCountry "GER"]
[BlackTeamCountry "GER"]

1. e4 e5 2. Nf3 Nc6 3. Bc4 Bc5 4. b4 Bxb4 5. c3 Be7 6. d4 d6 7. Qb3 Na5 8. Bxf7+ Kf8 9. Qa4 c6 10. Bxg8 Kxg8 11. dxe5 dxe5 12. Nxe5 b5 13. Qc2 Bf6 14. Nf3 Bg4 15. Nbd2 Qe7 16. 0-0 Re8 17. Re1 Qc5 18. Bb2 g6 19. e5 Bd8 20. Ne4 Qf8 21. Nd6 Bf5 22. Nxf5 gxf5 23. Bc1 Re6 24. Nd4 Rg6 25. Qxf5 Qg7 26. g3 h6 27. Ne6 Qf7 28. Qxf7+ Kxf7 29. Nf4 Rgg8 30. Be3 a6 31. e6+ Ke8 32. Nh5 Rg6 33. Bd4 Rf8 34. Ng7+ Rxg7 35. Bxg7 Rf3 36. Rad1 Bb6 37. e7 Nc4 38. Bd4 Bc7 39. Re4 Na5 40. Bf6 1-0

[Event "GER-chT U20"]
[Site "Osnabrueck"]
[Date "2015.12.27"]
[Round "1.4"]
[White "Streichardt, Niklas"]
[Black "Merker, Konstantin"]
[Result "1/2-1/2"]
[WhiteElo "1682"]
[BlackElo "1791"]
[PlyCount "90"]
[EventDate "2015.12.27"]
[EventType "team-swiss"]
[EventRounds "7"]
[EventCountry "GER"]
[SourceTitle "EXT 2017"]
[Source "ChessBase"]
[SourceDate "2016.10.25"]
[SourceVersion "1"]
[SourceVersionDate "2016.10.25"]
[SourceQuality "1"]
[WhiteTeam "Erfurt Empor"]
[BlackTeam "Coswig"]
[WhiteTeamCountry "GER"]
[BlackTeamCountry "GER"]

1. e4 d5 2. exd5 Nf6 3. Nc3 Nxd5 4. Bc4 Nb6 5. Bb3 Nc6 6. Qf3 e6 7. Nge2 Na5 8. d4 Nxb3 9. axb3 Be7 10. Be3 0-0 11. 0-0 Nd5 12. Ne4 Bd7 13. c4 Nxe3 14. fxe3 Bc6 15. Qf4 f5 16. Nd2 Bd6 17. Qf2 Rf6 18. c5 Be7 19. Nc4 b6 20. Ne5 Bb5 21. b4 a5 22. Qf3 Rc8 23. bxa5 bxc5 24. Nc6 Bxc6 25. Qxc6 e5 26. Qa4 cxd4 27. exd4 e4 28. Qc4+ Kh8 29. Nf4 c6 30. b4 Rd6 31. Rfd1 Bf6 32. Ne2 Rc7 33. Ra4 Rcd7 34. b5 cxb5 35. Qxb5 Bxd4+ 36. Nxd4 Rxd4 37. Raxd4 Rxd4 38. Rxd4 Qxd4+ 39. Kf1 Qd1+ 40. Kf2 Qd2+ 41. Kf1 Qf4+ 42. Ke2 h6 43. Qc5 Qg4+ 44. Ke1 Qg6 45. Qc8+ Kh7 1/2-1/2

[Event "Erfurt op HT 23rd"]
[Site "Erfurt"]
[Date "2013.12.27"]
[Round "2"]
[White "Streichardt, Niklas"]
[Black "Sauer, Marko"]
[Result "1/2-1/2"]
[WhiteElo "1748"]
[BlackElo "2077"]
[PlyCount "31"]
[EventDate "2013.12.26"]
[EventType "swiss"]
[EventRounds "8"]
[EventCountry "GER"]
[SourceTitle "EXT 2016"]
[Source "ChessBase"]
[SourceDate "2015.10.08"]
[SourceVersion "1"]
[SourceVersionDate "2015.10.08"]
[SourceQuality "1"]

1. e4 c5 2. Nf3 Nc6 3. d4 cxd4 4. Nxd4 g6 5. c4 Bg7 6. Be3 Nf6 7. Nc3 0-0 8. Be2 a6 9. Qd2 e6 10. f4 d5 11. e5 Ng4 12. Bxg4 Nxd4 13. 0-0 Nc6 14. cxd5 exd5 15. Bxc8 Qxc8 16. Qxd5 1/2-1/2